000 01003nam a22002417a 4500
999 _c13850
_d13850
003 AR-CdUCM
008 190416b ||||| |||| 00| 0 spa d
040 _aMUNICIPALIDAD PROVINCIAL DEL CUSCO
_cBIBLIOTECA MUNICIPAL DEL CUSCO
082 _aC / 711.461 /
_bW72
100 _awill, Werner
_932423
245 _aAtlas urbano de la ciudad del Cusco /
260 _aCusco :
_bBartolomé de Las Casas,
_c1989.
300 _a53 páginas ;
_bMapas,
_c34 cm.
505 _aContenido: Cusco en la región: mapa físico -- Cusco en la región: capacidad de uso mayor de las tierras -- Clasificación climática -- Distribución poblacional en 1961 -- Crecimiento poblacional de 1961 - 1981 ...
650 _aRegión Cusco
_930807
650 _aMapa físico
_932424
650 _aPoblación
_93673
650 _aGeografía
_9318
650 _aCrecimiento poblacional
_932425
710 _aCentro de estudios rurales andinos "Bartolomé de Las Casas"
_91973
942 _2ddc
_cLIBROS
945 _aacv
_d2019-04-16